Statistics for Songs by Letter - E

Click here to take the quiz!

General Stats

  • This quiz has been taken 65 times
  • The average score is 9 of 18

Answer Stats

SongArtist% Correct
Every Breath You TakeThe Police
92%
Enter SandmanMetallica
78%
Everybody (Backstreet's Back)Backstreet Boys
76%
Eye Of The TigerSurvivor
75%
Empire State Of MindJay-Z feat. Alicia Keys
73%
Ebony And IvoryPaul McCartney & Stevie Wonder
69%
Everybody Wants To Rule The WorldTears For Fears
69%
Eternal FlameThe Bangles
61%
Easy LoverPhilip Bailey & Phil Collins
54%
Every Rose Has Its ThornPoison
53%
Enjoy The SilenceDepeche Mode
44%
End Of The RoadBoyz II Men
37%
Electric AvenueEddy Grant
34%
Escape (The Piña Colada Song)Rupert Holmes
34%
Everytime We TouchCascada
31%
Eve Of DestructionBarry McGuire
12%
Everyday PeopleSly and the Family Stone
12%
Every Day Is Exactly The SameNine Inch Nails
3%

Score Distribution

Percentile by Number Answered

Percent of People with Each Score

Your Score History

You have not taken this quiz